Normal view
MARC view
Entry Topical Term
001 - CONTROL NUMBER
- control field: 7834
003 - CONTROL NUMBER IDENTIFIER
- control field: OSt
005 - DATE AND TIME OF LATEST TRANSACTION
- control field: 20160413161046.0
008 - FIXED-LENGTH DATA ELEMENTS
- fixed length control field: 160413|| aca||aabn | a|a d
040 ## - CATALOGING SOURCE
- Original cataloging agency: OSt
- Transcribing agency: OSt
150 ## - HEADING--TOPICAL TERM
- Topical term or geographic name entry element: International economic relations
- General subdivision: Outlines, syllabi, etc.
670 ## - SOURCE DATA FOUND
- Source citation: Work cat.: (OSt)3508: Salvatore, Dominick. 7686, Schaum's outline of theory and problems of international economics /, 1996.
